000 00204nam a2200085Ia 4500
008 170620s9999 xx 000 0 und d
100 _aSharma- Promila
245 0 _aEducational Psychology
260 _bNew Delhi- A.P.H
260 _c2010
999 _c25804
_d25804